| 000 | 00900nam a22002537a 4500 | ||
|---|---|---|---|
| 001 | BD-DhSAU | ||
| 003 | BD-DhSAU | ||
| 005 | 20191120104336.0 | ||
| 008 | 150612b2017 bg a||||r|||| 001 0 eng d | ||
| 040 | _aBD-DhSAU | ||
| 082 |
_222 _a635 _bM735 |
||
| 100 |
_aMolla, Md. Habibur Rahman _4Reg. No.16-07529 |
||
| 245 |
_aInfluence of plants per hill and harvesting time on growth, yield and economic benefit of onion _cMd. Habibur Rahman Molla |
||
| 260 |
_aSher-e- Bangla Agricultural University : _bDepartment of Horticulture, _c2017 |
||
| 300 |
_aix, 65 p. : _bill. , _c30 cm. |
||
| 504 | _aIncludes references. | ||
| 590 | _aBandana | ||
| 650 | _aHorticulture | ||
| 650 | _aOnion | ||
| 700 |
_aMostarin, Tahmina _eSupervisor |
||
| 700 |
_aKhatun, Khaleda _e Co-Supervisor |
||
| 856 | _uhttp://archive.saulibrary.edu.bd:8080/xmlui/handle/123456789/2574 | ||
| 942 |
_2ddc _cTHESIS |
||
| 999 |
_c14783 _d14782 |
||